000 00381nam a2200145Ia 4500
008 100204s9999 xx 000 0 und d
082 _b11483
100 _aकदम बा.
245 _aशोभा
260 _b"मधुर पब्लिकेशन , पुणे 2"
_c1984
300 _a423
630 _aशोभा
730 _aशोभा
942 _cBOOK
999 _c455919
_d455916